| 000 | 00701nam a2200229 u 4500 | ||
|---|---|---|---|
| 005 | 20220617120443.0 | ||
| 008 | 120315s2005 es r 000 0 spa d | ||
| 020 | _a9501523551 | ||
| 035 | _aUPN01000183669 | ||
| 049 | _aCG | ||
| 050 | 4 |
_aDC148 _bK7.3 |
|
| 100 | 1 |
_aKropotkin, Piotr, _d1842-1921 |
|
| 245 | 1 | 0 |
_aHistoria de la Revolución Francesa / _cPiotr Kropotkin. |
| 260 |
_aBarcelona, Esp. : _bVergara, _c2005. |
||
| 300 | _a569 p. | ||
| 440 | 0 | _aBiografía e historia | |
| 534 |
_pTítulo original: _tLa grande Révolution (1789-1793) |
||
| 651 | 4 |
_aFRANCIA - _xHISTORIA - _yREVOLUCION, 1789-1793 _99576 |
|
| 650 | 2 |
_aMovimientos sociales _913536 |
|
| 905 | _aLibro | ||
| 999 |
_c155772 _d155772 |
||